01843cam a2200445 i 4500001001300000003000600013005001700019008004100036035002200077035002400099040009200123041001300215045001700228046002100245245015900266260006700425300002400492336002700516337005400543338002800597380001600625380002300641388001400664388001400678500002700692546005000719648001900769650003500788650005100823651004800874651004600922651007800968651007801046655003501124658001301159658005101172700004301223710006701266710006401333zz2003907588NUKAT20260428210952.0030423s1953 pl l |000 0 pol c a(OCoLC)1412903725 a(NUKAT)zz2003907588 aLUBL U/MGbpolerdacLUBL U/MGdLUBL U/bgdLUBL U/ILsdWR O/AKsdKR U/maldOLSZT 008/AL0 apolalat2 bd1621bd1648 k1953o1621p164800aAkta sejmikowe województwa krakowskiego.nT. 2,p[1621-1660].n[fasc. 1],p1621-1648 /cwydał Adam Przyboś ; Polska Akademia Nauk. Instytut Historii. aKraków :bnakładem Polskiej Akademii Umiejetności,c1953. a376 stron ;c31 cm. aTekstbtxt2rdacontent aBez urządzenia pośredniczącegobn2rdamedia aWoluminbnc2rdacarrier aKsiążki aPublikacje naukowe1 a1901-20001 a1945-1989 aOpis według okładki. aTekst częściowo w języku. łacińskim. 7a1601-17002DBN 7aSejmiki (przedrozbiorowe)2DBN 7aSejmiki szlacheckiey17 w.vźródła.2kaba 7aKraków (woj. małopolskie ; okolice)2DBN 7aWojewództwo krakowskie (1314-1795)2DBN 7aKraków (Polska ; region)xpolityka i rządyy17 w.vźródła.2kaba 7aKraków (Polska ; region)xpolityka i rządyy17 w.vźródła.2kaba 7aWydawnictwo źródłowe2DBN aHistoria aPolityka, politologia, administracja publiczna1 aPrzyboś, Adamd(1906-1990).eWydawca2 aPolska Akademia Nauk.bInstytut Historii.eInstytucja sprawcza2 aPolska Akademia Umiejętności (1919-1952).eWydawca4pbl